000 01486nam a2200241Ia 4500
003 OSt
005 20241010094312.0
007 ca aa aaaaa
008 201103s9999 xx 000 0 und d
040 _cSSBUL
041 _abur
082 _223
_a၂၉၄.၃၄၃၅၀၉ တင်
_b၉၂၄၉ S-SAT
100 0 _aတင်နိုင်တိုး
_914445
245 1 0 _aရှမ်းပြည်နယ်တောင်ပိုင်း၏ တန်ခိုးကြီး အင်းလေးဖောင်တော်ဦး ပင်းတယရွှေဥမင်နှင့် မွေတော်ကက္ကူ စေတီပုထိုးများသမိုင်း /
_cတင်နိုင်တိုး။
260 _aရန်ကုန် ၊
_bယုံကြည်ချက်စာပေ၊
_c၂၀၀၅။
300 _a၁၁၆ စာမျက်နှာ ၊
_c၁၇ စင်တီ။
500 _aS-SAT: Dr. Sai Aung Tun
650 _aရှမ်းပြည်တောင်ပိုင်း တန်းခိုးကြီးဘုရားများ
_vသမိုင်း
_954997
650 _aပင်းတယရွှေဥမင်ဘုရား
_vသမိုင်း
_954998
650 _aအင်းလေးဖောင်တော်ဦးဘုရား
_vသမိုင်း
_954999
650 _aမွေတော်ကက္ကူဘုရား
_vသမိုင်း
_955000
942 _2ddc
_cBK1
999 _c16760
_d16760